|
|
|
|
| LEADER |
00000nam a2200000 i 4500 |
| 001 |
115631 |
| 003 |
CZ ZlUTB |
| 005 |
20260511110451.0 |
| 007 |
ta |
| 008 |
260511t20032003xxua e f 001 0 eng d |
| 020 |
|
|
|a 0-0714-2246-3
|q (brožováno)
|z 978-0-07-142246-8
|
| 040 |
|
|
|a ZLD002
|b cze
|e rda
|
| 044 |
|
|
|a xxu
|a po
|a xxk
|a sp
|a mx
|a it
|a ii
|a ko
|a si
|a at
|a xxc
|
| 072 |
|
7 |
|a 796
|x Sport. Hry. Tělesná cvičení
|2 Konspekt
|9 20
|
| 080 |
|
|
|a 796.11
|2 MRF
|
| 080 |
|
|
|a 796.1
|2 MRF
|
| 080 |
|
|
|a 379.828
|2 MRF
|
| 080 |
|
|
|a (035)
|2 MRF
|
| 100 |
1 |
|
|a Wise, Debra
|4 aut
|
| 245 |
1 |
0 |
|a Great big book of children's games :
|b over 450 indoor and outdoor games for kids /
|c written by Debra Wise ; illustrated by Sandy Forrest
|
| 264 |
|
1 |
|a New York ;
|a Chicago ;
|a San Francisco ;
|a Lisbon ;
|a London ;
|a Madrid ;
|a Mexico City ;
|a Milan ;
|a New Delhi ;
|a San Juan ;
|a Seoul ;
|a Singapore ;
|a Sydney ;
|a Toronto :
|b McGraw-Hill,
|c [2003]
|
| 264 |
|
4 |
|c ©2003
|
| 300 |
|
|
|a 318 stran :
|b ilustrace ;
|c 28 cm
|
| 336 |
|
|
|a text
|b txt
|2 rdacontent
|
| 337 |
|
|
|a bez média
|b n
|2 rdamedia
|
| 338 |
|
|
|a svazek
|b nc
|2 rdacarrier
|
| 500 |
|
|
|a Obsahuje resjtříky
|
| 500 |
|
|
|a "Games fot ages 3-14"--Obálka
|
| 650 |
0 |
7 |
|a dětské hry
|7 ph119728
|2 czenas
|
| 650 |
0 |
7 |
|a hry v přírodě
|7 ph120866
|2 czenas
|
| 650 |
0 |
7 |
|a hry v místnosti
|7 ph120865
|2 czenas
|
| 650 |
0 |
9 |
|a children’s games
|2 eczenas
|
| 650 |
0 |
9 |
|a outdoor games
|2 eczenas
|
| 650 |
0 |
9 |
|a indoor games
|2 eczenas
|
| 655 |
|
7 |
|a příručky
|7 fd133209
|2 czenas
|
| 655 |
|
9 |
|a handbooks and manuals
|2 eczenas
|
| 700 |
1 |
|
|a Forrest, Sandy
|4 ill
|
| 710 |
2 |
|
|a McGraw-Hill, inc.
|7 ko2004226884
|4 pbl
|
| 910 |
|
|
|a ZLD002
|
| 942 |
|
|
|2 udc
|
| 952 |
|
|
|0 0
|1 0
|4 0
|5 0
|6 79WISED
|7 0
|8 BOOK
|9 191090
|a UTBZL
|b UTBZL
|c 005
|d 2026-05-11
|l 0
|o 79/WISE,D.
|p 420010201970
|r 2026-05-11 10:59:32
|v 504.00
|w 2026-05-11
|x N:nákup
|y 01
|
| 992 |
|
|
|b SKNEW
|
| 999 |
|
|
|c 115631
|d 115631
|